UBT Library

The woodwinds / (Record no. 41285)

000 -LEADER
fixed length control field 00601cam a22002171 4500
001 - CONTROL NUMBER
control field 8907513
005 - DATE AND TIME OF LATEST TRANSACTION
control field 20180130071115.0
008 - FIXED-LENGTH DATA ELEMENTS--GENERAL INFORMATION
fixed length control field 730426s1963 mnua j 000 0 eng
010 ## - LIBRARY OF CONGRESS CONTROL NUMBER
LC control number 62020806
035 ## - SYSTEM CONTROL NUMBER
System control number (OCoLC)611698
040 ## - CATALOGING SOURCE
Original cataloging agency DLC
Transcribing agency ODaWU
Modifying agency OCoLC
-- DLC
041 ## - LANGUAGE CODE
Language code of text/sound track or separate title eng
042 ## - AUTHENTICATION CODE
Authentication code premarc
080 ## - UNIVERSAL DECIMAL CLASSIFICATION NUMBER
Universal Decimal Classification number 78 jea
082 ## - DEWEY DECIMAL CLASSIFICATION NUMBER
Edition number 78 jea
100 1# - Rafti
Rafti 45
101 ## - Shkurtesa
Shkurtesa muz
245 14 - TITLE STATEMENT
Title The woodwinds /
Statement of responsibility, etc by Jean Craig ; illustrated by George Overlie ; prepared under the supervision of Robert W. Surplus.
906 ## - LOCAL DATA ELEMENT F, LDF (RLIN)
a 7
b cbc
c oclcrpl
d u
e ncip
f 19
g y-gencatlg
942 ## - ADDED ENTRY ELEMENTS (KOHA)
Source of classification or shelving scheme
Item type Books
Holdings
Withdrawn status Lost status Source of classification or shelving scheme Damaged status Not for loan Collection code Permanent location Current location Shelving location Date acquired Total Checkouts Full call number Barcode Date last seen Price effective from Koha item type
          Koleksioni i përgjithshem UBT - Lipjan UBT - Lipjan Koleksioni i përgjithshem 01/30/2018   78 jea 002-2996903 01/30/2018 01/30/2018 Books
UBT Library © 2015-2024. All rights reserved University Education for Business and Technology